| Tag |
First Indicator |
Second Indicator |
Subfields |
| LEADER |
00000uam a2200000 a 4500 |
| 001 |
in00004251321 |
| 005 |
20260128155250.6 |
| 006 |
m o d |
| 007 |
cr cn |
| 008 |
160813s2009 xx o eng |
| 020 |
|
|
|z 9781897177563
|
| 020 |
|
|
|z 1897177569
|
| 035 |
|
|
|a (CaSebORM)9781897177563
|
| 040 |
|
|
|d UtOrBLW
|
| 041 |
0 |
|
|a eng
|
| 100 |
1 |
|
|a Guide, Autodesk,
|e author.
|
| 245 |
1 |
0 |
|a Learning Revit Architecture 2010 /
|c Guide, Autodesk.
|
| 250 |
|
|
|a 1st edition.
|
| 264 |
|
1 |
|b Sybex,
|c 2009.
|
| 300 |
|
|
|a 1 online resource (768 pages)
|
| 336 |
|
|
|a text
|b txt
|2 rdacontent
|
| 337 |
|
|
|a computer
|b c
|2 rdamedia
|
| 338 |
|
|
|a online resource
|b cr
|2 rdacarrier
|
| 347 |
|
|
|a text file
|
| 520 |
|
|
|a Learn Revit Architecture 2010 from the source! This beautiful full-color Official Training Guide is the perfect resource for those who need a complete, expert guide to Revit Architecture 2010. With training provided by Autodesk experts who helped create the software, this book thoroughly covers the principles and fundamentals of this groundbreaking building information modeling (BIM) software. You'll create a basic floor plan, add and edit simple and complex walls, modify and detail drawings, and learn valuable techniques and best practices. This invaluable guide also prepares designers for Revit Architecture certification. Covers Revit Architecture 2010 for architects, contractors, designers, and students; this book is an Autodesk Official Training Guide and was created by Autodesk, makers of Revit Architecture Walks readers through techniques, workflows, and content tailored to those just learning as well as professionals working on real-world projects or preparing for Revit Architecture certification Delves into elements, Revit families, working with components, managing section and elevation views, making modifications, documentation, and more Demonstrates best practices while you create a basic floor plan, add and edit walls, create and modify roofs and floors, and more Features a gallery of customer success stories highlighting how Revit was used to create the compelling designs Get the very most out of Revit Architecture with this must-have training guide from the makers of Revit.
|
| 533 |
|
|
|a Electronic reproduction.
|b Boston, MA :
|c Safari,
|n Available via World Wide Web.
|d 2010.
|
| 538 |
|
|
|a Mode of access: World Wide Web.
|
| 542 |
|
|
|f Copyright © Sybex
|g 2010
|
| 588 |
|
|
|a Online resource; Title from title page (viewed November 16, 2009)
|
| 500 |
|
|
|a Electronic resource.
|
| 655 |
|
7 |
|a Electronic books.
|2 local
|
| 710 |
2 |
|
|a Safari, an O'Reilly Media Company.
|
| 856 |
4 |
0 |
|u https://proxy.library.tamu.edu/login?url=https://go.oreilly.com/TAMU/library/view/-/9781897177563/?ar
|z Connect to this electronic resource
|t 0
|
| 999 |
f |
f |
|s f3fb4d1c-3bf7-3ae2-8b6e-4f004198b2ad
|i 9a95f096-5577-302f-a13b-5b61e0ca24b6
|t 0
|
| 952 |
f |
f |
|a Texas A&M University
|b College Station
|c Electronic Resources
|s www_evans
|d Available Online
|t 0
|h No information provided
|
| 998 |
f |
f |
|t 0
|l Available Online
|